header

Views from our shoes : (Record no. 255608)

MARC details
000 -LEADER
fixed length control field 01027pam a2200277 a 4500
001 - CONTROL NUMBER
control field 2597563
003 - CONTROL NUMBER IDENTIFIER
control field OSt
005 - DATE AND TIME OF LATEST TRANSACTION
control field 20170222111117.0
008 - FIXED-LENGTH DATA ELEMENTS--GENERAL INFORMATION
fixed length control field 970709s1997 mdua 001 0 eng
010 ## - LIBRARY OF CONGRESS CONTROL NUMBER
LC control number 97018351
020 ## - INTERNATIONAL STANDARD BOOK NUMBER
International Standard Book Number 0933149980
040 ## - CATALOGING SOURCE
Original cataloging agency DLC
Transcribing agency DLC
Modifying agency DLC
043 ## - GEOGRAPHIC AREA CODE
Geographic area code n-us---
050 00 - LIBRARY OF CONGRESS CALL NUMBER
Classification number HV894
Item number .V54 1997
082 00 - DEWEY DECIMAL CLASSIFICATION NUMBER
Classification number 362.1/968
Edition number 21
245 00 - TITLE STATEMENT
Title Views from our shoes :
Remainder of title growing up with a brother or sister with special needs /
Statement of responsibility, etc edited by Donald J. Meyer ; illustrated by Cary Pillo.
260 ## - PUBLICATION, DISTRIBUTION, ETC. (IMPRINT)
Place of publication, distribution, etc Bethesda, Md. :
Name of publisher, distributor, etc Woodbine House,
Date of publication, distribution, etc 1997.
300 ## - PHYSICAL DESCRIPTION
Extent ix, 113 p. :
Other physical details ill. ;
Dimensions 23 cm.
500 ## - GENERAL NOTE
General note Includes index.
650 #0 - SUBJECT ADDED ENTRY--TOPICAL TERM
Topical term or geographic name as entry element Developmentally disabled children
General subdivision Family relationships
Geographic subdivision United States.
Topical term or geographic name as entry element Brothers and sisters
Geographic subdivision United States.
700 1# - ADDED ENTRY--PERSONAL NAME
Personal name Meyer, Donald J.
Fuller form of name (Donald Joseph),
Dates associated with a name 1951-
906 ## - LOCAL DATA ELEMENT F, LDF (RLIN)
a 7
b cbc
c orignew
d 1
e ocip
f 19
g y-gencatlg
942 ## - ADDED ENTRY ELEMENTS (KOHA)
Source of classification or shelving scheme Library of Congress Classification
Koha item type Long Loan Books
Holdings
Withdrawn status Lost status Source of classification or shelving scheme Damaged status Not for loan Collection code Home library Current library Shelving location Date acquired Total Checkouts Full call number Barcode Date last seen Price effective from Koha item type
    Library of Congress Classification     Non-fiction Rongo University Library Rongo University Library General Stacks 22/02/2017   HV894 .V54 1997 20156257 22/02/2017 22/02/2017 Long Loan Books

© 2026 Rongo University
Contact us: librarian | system librarian | Rongo university